Statistics for Names That are Books of the Bible

Click here to take the quiz!

General Stats

  • This quiz has been taken 110 times
  • The average score is 17 of 27

Answer Stats

Peak yearPeak rankAnswer% Correct
200114John
98%
200079Mark
96%
20013Matthew
93%
201528Luke
92%
2019231Ruth
84%
20184James
78%
200058Timothy
75%
20085Daniel
75%
201355Genesis
70%
2000125Peter
70%
2018151Esther
66%
201821Samuel
64%
20063Joshua
64%
200639Isaiah
63%
201151Jeremiah
60%
201971Ezekiel
58%
2019153Jude
57%
2015279Titus
56%
201949Ezra
52%
2012129Jonah
49%
2006150Malachi
48%
2010336Nehemiah
44%
2011102Micah
43%
2018652Amos
43%
2001636Zechariah
35%
2000112Joel
35%
2004539Judith
25%

Score Distribution

Percentile by Number Answered

Percent of People with Each Score

Your Score History

You have not taken this quiz